000
00211nam a22000857a 4500
008
170302b xxu||||| |||| 00| 0 eng d
100
_9
3009
_a
Kamal.M.P
245
_a
Chhatrapati Shivaji
260
_a
New Delhi
_b
RPB
_c
2006
999
_c
6252
_d
6252